Evaluation of ICT implementation into engineering education

Saved in:
Bibliographic Details
Main Author: Mišút, Martin, 1962-
Other Authors: Mišútová, Mária
Format: Book Chapter
Language:English
Subjects:
Tags: Add Tag
No Tags, Be the first to tag this record!

MARC

LEADER 00000naa$a2200000$$$4500
001 0185622
005 20240502083437.6
041 0 |a eng 
044 |a KP 
245 1 0 |a Evaluation of ICT implementation into engineering education  |c Martin Mišút, Mária Mišútová 
610 2 0 |a matematika 
610 2 0 |a výučba vedecká 
610 2 0 |a metódy 
610 2 0 |a technológie informačné 
610 2 0 |a technológie komunikačné 
610 2 0 |a vzdelávanie vysokoškolské 
610 2 0 |a kreativita 
100 1 |a Mišút, Martin, 1962- 
700 1 |a Mišútová, Mária